| 000 | 00000nam 2200000za 4500 |
| 001 | 9.698106 |
| 003 | CaOODSP |
| 005 | 20241203113637 |
| 007 | cr ||||||||||| |
| 008 | 150407s2013 quc #ob f000 0 eng d |
| 020 | |a978-1-100-22484-8 |
| 040 | |aCaOODSP|beng |
| 043 | |an-cn--- |
| 086 | 1 |aEn4-144/11-2013E-PDF |
| 245 | 00|aData sources and methods for the protected areas indicators |h[electronic resource]. |
| 246 | 17|aCanadian environmental sustainability indicators |
| 260 | |aGatineau, QC : |bEnvironment Canada, |c2013. |
| 300 | |a8 p. |
| 500 | |a"July 2013." |
| 500 | |aTitle from cover. |
| 500 | |aIssued also in French under title: Sources des données et méthodes des indicateurs sur les aires protégées. |
| 504 | |aIncludes bibliographical references. |
| 520 | |a"The Protected Areas indicators are part of the Canadian Environmental Sustainability Indicators (CESI) program, which provides data and information to track Canada’s performance on key environmental sustainability issues"--Introduction, p. 3. |
| 692 | 07|2gccst|aEnvironmental protection |
| 692 | 07|2gccst|aSustainable development |
| 692 | 07|2gccst|aConservation areas |
| 710 | 1 |aCanada. |bEnvironment Canada. |
| 775 | 08|tSources des données et méthodes des indicateurs sur les aires protégées |w(CaOODSP)9.642101 |
| 794 | |tData sources and methods for the protected areas indicators |w(CaOODSP)9.699682 |
| 795 | |tData sources and methods for the protected areas indicators |w(CaOODSP)9.696443 |
| 856 | 40|qPDF|s249 KB|uhttps://publications.gc.ca/collections/collection_2013/ec/En4-144-11-2013-eng.pdf |